{"text_format":"1","workbook":"xlsx","n_sheets":1,"sheets":["Лист1"],"not_rendered":{"charts":0,"images":0,"macros":1,"external_links":0,"defined_names":1,"comments":0,"pivot_tables":0},"unopened":[],"bounds":{"document_bytes":16777216,"sheet_cells":100000,"rows_first":2000,"rows_last":500,"rows_between":2000,"halvings":0,"cell_chars":16384,"cell_head_chars":4096},"cells_cut":0,"cells_raw":0,"read":"whole","date_system":"1900"}

{"sheet":"Лист1","index":0,"n_rows":122,"n_cols":27,"rows_kept":122,"cut":false,"hidden":false,"merged":[[5,2,5,17],[5,18,5,19],[5,20,5,22],[7,2,7,17],[7,18,7,19],[7,20,7,22],[7,23,7,25],[7,26,7,29],[5,23,5,25],[5,26,5,29],[6,2,6,17],[6,18,6,19],[6,20,6,22],[6,23,6,25],[6,26,6,29],[9,26,9,29],[9,2,9,17],[9,18,9,19],[9,20,9,22],[9,23,9,25],[10,2,10,17],[10,18,10,19],[10,20,10,22],[10,23,10,25],[10,26,10,29],[11,2,11,17],[11,18,11,19],[11,20,11,22],[11,23,11,25],[11,26,11,29],[12,2,12,17],[12,18,12,19],[12,20,12,22],[12,23,12,25],[12,26,12,29],[13,2,13,17],[13,18,13,19],[13,20,13,22],[13,23,13,25],[13,26,13,29],[14,2,14,17],[14,18,14,19],[14,20,14,22],[14,23,14,25],[14,26,14,29],[15,2,15,17],[15,18,15,19],[15,20,15,22],[15,23,15,25],[15,26,15,29],[16,2,16,17],[16,18,16,19],[16,20,16,22],[16,23,16,25],[16,26,16,29],[17,2,17,17],[17,18,17,19],[17,20,17,22],[17,23,17,25],[17,26,17,29],[18,2,18,17],[18,18,18,19],[18,20,18,22],[18,23,18,25],[18,26,18,29],[19,2,19,17],[19,18,19,19],[19,20,19,22],[19,23,19,25],[19,26,19,29],[20,2,20,17],[20,18,20,19],[20,20,20,22],[20,23,20,25],[20,26,20,29],[21,2,21,17],[21,18,21,19],[21,20,21,22],[21,23,21,25],[21,26,21,29],[22,2,22,17],[22,18,22,19],[22,20,22,22],[22,23,22,25],[22,26,22,29],[26,26,26,29],[23,2,23,17],[23,18,23,19],[23,20,23,22],[23,23,23,25],[23,26,23,29],[24,2,24,17],[24,18,24,19],[24,20,24,22],[24,23,24,25],[24,26,24,29],[29,2,29,17],[29,18,29,19],[29,20,29,22],[29,23,29,25],[29,26,29,29],[30,2,30,17],[30,18,30,19],[30,20,30,22],[30,23,30,25],[30,26,30,29],[31,2,31,17],[31,18,31,19],[31,20,31,22],[31,23,31,25],[31,26,31,29],[32,2,32,17],[32,18,32,19],[32,20,32,22],[32,23,32,25],[32,26,32,29],[33,2,33,17],[33,18,33,19],[33,20,33,22],[33,23,33,25],[33,26,33,29],[34,2,34,17],[34,18,34,19],[34,20,34,22],[34,23,34,25],[34,26,34,29],[35,2,35,17],[35,18,35,19],[35,20,35,22],[35,23,35,25],[35,26,35,29],[36,2,36,17],[36,18,36,19],[36,20,36,22],[36,23,36,25],[36,26,36,29],[37,2,37,17],[37,18,37,19],[37,20,37,22],[37,23,37,25],[37,26,37,29],[38,2,38,17],[38,18,38,19],[38,20,38,22],[38,23,38,25],[38,26,38,29],[39,2,39,17],[39,18,39,19],[39,20,39,22],[39,23,39,25],[39,26,39,29],[40,2,40,17],[40,18,40,19],[40,20,40,22],[40,23,40,25],[40,26,40,29],[43,2,43,17],[43,18,43,19],[43,20,43,22],[43,23,43,25],[43,26,43,29],[41,2,41,17],[41,18,41,19],[41,20,41,22],[41,23,41,25],[41,26,41,29],[42,2,42,17],[42,18,42,19],[42,20,42,22],[42,23,42,25],[42,26,42,29],[47,2,47,17],[47,18,47,19],[47,20,47,22],[47,23,47,25],[47,26,47,29],[48,2,48,17],[48,18,48,19],[48,20,48,22],[48,23,48,25],[48,26,48,29],[49,2,49,17],[49,18,49,19],[49,20,49,22],[49,23,49,25],[49,26,49,29],[50,2,50,17],[50,18,50,19],[50,20,50,22],[50,23,50,25],[50,26,50,29],[51,2,51,17],[51,18,51,19],[51,20,51,22],[51,23,51,25],[51,26,51,29],[52,2,52,17],[52,18,52,19],[52,20,52,22],[52,23,52,25],[52,26,52,29],[44,26,44,29],[44,23,44,25],[44,20,44,22],[44,18,44,19],[44,2,44,17],[46,26,46,29],[46,23,46,25],[46,20,46,22],[46,18,46,19],[46,2,46,17],[45,2,45,17],[45,18,45,19],[45,20,45,22],[45,23,45,25],[45,26,45,29],[55,2,55,17],[55,18,55,19],[55,20,55,22],[55,23,55,25],[55,26,55,29],[53,2,53,17],[53,18,53,19],[53,20,53,22],[53,23,53,25],[53,26,53,29],[54,2,54,17],[54,18,54,19],[54,20,54,22],[54,23,54,25],[54,26,54,29],[57,2,57,17],[57,18,57,19],[57,20,57,22],[57,23,57,25],[57,26,57,29],[58,2,58,17],[58,18,58,19],[58,20,58,22],[58,23,58,25],[58,26,58,29],[59,2,59,17],[59,18,59,19],[59,20,59,22],[59,23,59,25],[59,26,59,29],[60,2,60,17],[60,18,60,19],[60,20,60,22],[60,23,60,25],[60,26,60,29],[61,2,61,17],[61,18,61,19],[61,20,61,22],[61,23,61,25],[61,26,61,29],[62,2,62,17],[62,18,62,19],[62,20,62,22],[62,23,62,25],[62,26,62,29],[63,2,63,17],[63,18,63,19],[63,20,63,22],[63,23,63,25],[63,26,63,29],[64,2,64,17],[64,18,64,19],[64,20,64,22],[64,23,64,25],[64,26,64,29],[65,2,65,17],[65,18,65,19],[65,20,65,22],[65,23,65,25],[65,26,65,29],[66,2,66,17],[66,18,66,19],[66,20,66,22],[66,23,66,25],[66,26,66,29],[67,2,67,17],[67,18,67,19],[67,20,67,22],[67,23,67,25],[67,26,67,29],[68,2,68,17],[68,18,68,19],[68,20,68,22],[68,23,68,25],[68,26,68,29],[72,26,72,29],[69,2,69,17],[69,18,69,19],[69,20,69,22],[69,23,69,25],[69,26,69,29],[70,2,70,17],[70,18,70,19],[70,20,70,22],[70,23,70,25],[70,26,70,29],[75,2,75,17],[75,18,75,19],[75,20,75,22],[75,23,75,25],[75,26,75,29],[76,2,76,17],[76,18,76,19],[76,20,76,22],[76,23,76,25],[76,26,76,29],[77,2,77,17],[77,18,77,19],[77,20,77,22],[77,23,77,25],[77,26,77,29],[78,2,78,17],[78,18,78,19],[78,20,78,22],[78,23,78,25],[78,26,78,29],[79,2,79,17],[79,18,79,19],[79,20,79,22],[79,23,79,25],[79,26,79,29],[80,2,80,17],[80,18,80,19],[80,20,80,22],[80,23,80,25],[80,26,80,29],[81,2,81,17],[81,18,81,19],[81,20,81,22],[81,23,81,25],[81,26,81,29],[82,2,82,17],[82,18,82,19],[82,20,82,22],[82,23,82,25],[82,26,82,29],[83,2,83,17],[83,18,83,19],[83,20,83,22],[83,23,83,25],[83,26,83,29],[84,2,84,17],[84,18,84,19],[84,20,84,22],[84,23,84,25],[84,26,84,29],[85,2,85,17],[85,18,85,19],[85,20,85,22],[85,23,85,25],[85,26,85,29],[86,2,86,17],[86,18,86,19],[86,20,86,22],[86,23,86,25],[86,26,86,29],[87,2,87,17],[87,18,87,19],[87,20,87,22],[87,23,87,25],[87,26,87,29],[88,2,88,17],[88,18,88,19],[88,20,88,22],[88,23,88,25],[88,26,88,29],[89,2,89,17],[89,18,89,19],[89,20,89,22],[89,23,89,25],[89,26,89,29],[90,2,90,17],[90,18,90,19],[90,20,90,22],[90,23,90,25],[90,26,90,29],[91,2,91,17],[91,18,91,19],[91,20,91,22],[91,23,91,25],[91,26,91,29],[92,2,92,17],[92,18,92,19],[92,20,92,22],[92,23,92,25],[92,26,92,29],[93,2,93,17],[93,18,93,19],[93,20,93,22],[93,23,93,25],[93,26,93,29],[94,2,94,17],[94,18,94,19],[94,20,94,22],[94,23,94,25],[94,26,94,29],[97,2,97,17],[97,18,97,19],[97,20,97,22],[97,23,97,25],[97,26,97,29],[95,2,95,17],[95,18,95,19],[95,20,95,22],[95,23,95,25],[95,26,95,29],[96,2,96,17],[96,18,96,19],[96,20,96,22],[96,23,96,25],[96,26,96,29],[101,2,101,17],[101,18,101,19],[101,20,101,22],[101,23,101,25],[101,26,101,29],[99,2,99,17],[99,18,99,19],[99,20,99,22],[99,23,99,25],[99,26,99,29],[100,2,100,17],[100,18,100,19],[100,20,100,22],[100,23,100,25],[100,26,100,29],[103,2,103,17],[103,18,103,19],[103,20,103,22],[103,23,103,25],[103,26,103,29],[104,2,104,17],[104,18,104,19],[104,20,104,22],[104,23,104,25],[104,26,104,29],[105,2,105,17],[105,18,105,19],[105,20,105,22],[105,23,105,25],[105,26,105,29],[106,2,106,17],[106,18,106,19],[106,20,106,22],[106,23,106,25],[106,26,106,29],[107,2,107,17],[107,18,107,19],[107,20,107,22],[107,23,107,25],[107,26,107,29],[108,2,108,17],[108,18,108,19],[108,20,108,22],[108,23,108,25],[108,26,108,29],[111,26,111,29],[112,2,112,17],[112,18,112,19],[112,20,112,22],[112,23,112,25],[112,26,112,29],[109,2,109,17],[109,18,109,19],[109,20,109,22],[109,23,109,25],[109,26,109,29],[110,2,110,17],[110,18,110,19],[110,20,110,22],[110,23,110,25],[110,26,110,29],[115,2,115,17],[115,18,115,19],[115,20,115,22],[115,23,115,25],[115,26,115,29],[116,2,116,17],[116,18,116,19],[116,20,116,22],[116,23,116,25],[116,26,116,29],[117,2,117,17],[117,18,117,19],[117,20,117,22],[117,23,117,25],[117,26,117,29],[120,2,120,17],[120,18,120,19],[120,20,120,22],[120,23,120,25],[120,26,120,29],[121,21,121,25],[121,26,121,29],[118,2,118,17],[118,18,118,19],[118,20,118,22],[118,23,118,25],[118,26,118,29],[119,2,119,17],[119,18,119,19],[119,20,119,22],[119,23,119,25],[119,26,119,29],[8,26,8,29],[8,23,8,25],[8,20,8,22],[8,18,8,19],[8,2,8,17],[28,26,28,29],[28,23,28,25],[28,20,28,22],[28,18,28,19],[28,2,28,17],[27,2,27,17],[27,18,27,19],[27,20,27,22],[27,23,27,25],[27,26,27,29],[25,2,25,17],[25,18,25,19],[25,20,25,22],[25,23,25,25],[25,26,25,29],[26,2,26,17],[26,18,26,19],[26,20,26,22],[26,23,26,25],[56,26,56,29],[56,23,56,25],[56,20,56,22],[56,18,56,19],[56,2,56,17],[74,26,74,29],[74,23,74,25],[74,20,74,22],[74,18,74,19],[74,2,74,17],[73,2,73,17],[73,18,73,19],[73,20,73,22],[73,23,73,25],[73,26,73,29],[71,2,71,17],[71,18,71,19],[71,20,71,22],[71,23,71,25],[71,26,71,29],[72,2,72,17],[72,18,72,19],[72,20,72,22],[72,23,72,25],[114,26,114,29],[114,23,114,25],[114,20,114,22],[114,18,114,19],[114,2,114,17],[98,26,98,29],[98,23,98,25],[98,20,98,22],[98,18,98,19],[98,2,98,17],[102,26,102,29],[102,23,102,25],[102,20,102,22],[102,18,102,19],[102,2,102,17],[113,2,113,17],[113,18,113,19],[113,20,113,22],[113,23,113,25],[113,26,113,29],[111,2,111,17],[111,18,111,19],[111,20,111,22],[111,23,111,25]]}
[]
[]
[1,2,3,4,5,6,7,8,9,10,11,12,13,14,15,16,17,18,19,20,21,22,23,24,25,26,27]
[]
[]
[null,"№ пп","наименование",null,null,null,null,null,null,null,null,null,null,null,null,null,null,null,"ед. изм.",null,"к-во",null,null,"цена",null,null,"сумма"]
[null,1,null,null,null,null,null,null,null,null,null,null,null,null,null,null,null,null,"шт",null,14.64,null,null,12.42,null,null,{"$f":"U7*X7","v":181.8288}]
[null,2,null,null,null,null,null,null,null,null,null,null,null,null,null,null,null,null,"шт",null,15953.92,null,null,13.94,null,null,{"$f":"U8*X8","v":222397.64479999998}]
[null,3,null,null,null,null,null,null,null,null,null,null,null,null,null,null,null,null,"т",null,-0.4,null,null,21200.23,null,null,-8480.0920000000006]
[null,4,null,null,null,null,null,null,null,null,null,null,null,null,null,null,null,null,"т",null,0,null,null,58999.43,null,null,0]
[null,5,null,null,null,null,null,null,null,null,null,null,null,null,null,null,null,null,"т",null,-0.09,null,null,191029.51,null,null,-17192.655900000002]
[null,6,null,null,null,null,null,null,null,null,null,null,null,null,null,null,null,null,"т",null,0.01,null,null,99285.94,null,null,992.85940000000005]
[null,7,null,null,null,null,null,null,null,null,null,null,null,null,null,null,null,null,"м3",null,0.01,null,null,8919.17,null,null,89.191699999999997]
[null,8,null,null,null,null,null,null,null,null,null,null,null,null,null,null,null,null,"т",null,48.54,null,null,null,null,null,0]
[null,9,null,null,null,null,null,null,null,null,null,null,null,null,null,null,null,null,"шт",null,28,null,null,118.36,null,null,3314.08]
[null,10,null,null,null,null,null,null,null,null,null,null,null,null,null,null,null,null,"шт",null,14,null,null,110.2,null,null,1542.8]
[null,11,null,null,null,null,null,null,null,null,null,null,null,null,null,null,null,null,"м2",null,16.41,null,null,3168.9,null,null,52001.649000000005]
[null,12,null,null,null,null,null,null,null,null,null,null,null,null,null,null,null,null,"т",null,0.17,null,null,5511.32,null,null,936.92439999999999]
[null,13,null,null,null,null,null,null,null,null,null,null,null,null,null,null,null,null,"кг",null,2.64,null,null,103.29,null,null,272.68560000000002]
[null,14,null,null,null,null,null,null,null,null,null,null,null,null,null,null,null,null,"м3",null,16.45,null,null,12.53,null,null,206.11849999999998]
[null,15,null,null,null,null,null,null,null,null,null,null,null,null,null,null,null,null,"шт",null,14,null,null,275.51,null,null,3857.14]
[null,16,null,null,null,null,null,null,null,null,null,null,null,null,null,null,null,null,"т",null,-0.5,null,null,3462.24,null,null,-1731.12]
[null,17,null,null,null,null,null,null,null,null,null,null,null,null,null,null,null,null,"шт",null,117809.76,null,null,1.1200000000000001,null,null,131946.93120000002]
[null,18,null,null,null,null,null,null,null,null,null,null,null,null,null,null,null,null,"кг",null,22.97,null,null,326.7,null,null,7504.2989999999991]
[null,19,null,null,null,null,null,null,null,null,null,null,null,null,null,null,null,null,"м",null,166.65,null,null,7.45,null,null,1241.5425]
[null,20,null,null,null,null,null,null,null,null,null,null,null,null,null,null,null,null,"л",null,647.24,null,null,26.13,null,null,16912.3812]
[null,21,null,null,null,null,null,null,null,null,null,null,null,null,null,null,null,null,"т",null,0.01,null,null,60516.7,null,null,605.16700000000003]
[null,22,null,null,null,null,null,null,null,null,null,null,null,null,null,null,null,null,"м3",null,0.12,null,null,8245.15,null,null,989.41799999999989]
[null,23,null,null,null,null,null,null,null,null,null,null,null,null,null,null,null,null,"м3",null,0,null,null,4431.17,null,null,0]
[null,24,null,null,null,null,null,null,null,null,null,null,null,null,null,null,null,null,"м3",null,0.02,null,null,8919.17,null,null,178.38339999999999]
[null,25,null,null,null,null,null,null,null,null,null,null,null,null,null,null,null,null,"м",null,110.98,null,null,357.78,null,null,39706.424399999996]
[null,26,null,null,null,null,null,null,null,null,null,null,null,null,null,null,null,null,"т",null,0,null,null,217668.81,null,null,0]
[null,27,null,null,null,null,null,null,null,null,null,null,null,null,null,null,null,null,"т",null,0,null,null,202221.47,null,null,0]
[null,28,null,null,null,null,null,null,null,null,null,null,null,null,null,null,null,null,"т",null,0.01,null,null,49005.91,null,null,490.05910000000006]
[null,29,null,null,null,null,null,null,null,null,null,null,null,null,null,null,null,null,"т",null,0.04,null,null,49005.91,null,null,1960.2364000000002]
[null,30,null,null,null,null,null,null,null,null,null,null,null,null,null,null,null,null,"кг",null,2.02,null,null,13.53,null,null,27.3306]
[null,31,null,null,null,null,null,null,null,null,null,null,null,null,null,null,null,null,"шт",null,2165,null,null,0.41,null,null,887.65]
[null,32,null,null,null,null,null,null,null,null,null,null,null,null,null,null,null,null,"шт",null,120,null,null,1.07,null,null,128.4]
[null,33,null,null,null,null,null,null,null,null,null,null,null,null,null,null,null,null,"шт",null,8478,null,null,3.57,null,null,30266.46]
[null,34,null,null,null,null,null,null,null,null,null,null,null,null,null,null,null,null,"шт",null,1977.74,null,null,4.25,null,null,8405.3950000000004]
[null,35,null,null,null,null,null,null,null,null,null,null,null,null,null,null,null,null,"кг",null,753.94,null,null,70.2,null,null,52926.588000000003]
[null,36,null,null,null,null,null,null,null,null,null,null,null,null,null,null,null,null,"т",null,0,null,null,61899.4,null,null,0]
[null,37,null,null,null,null,null,null,null,null,null,null,null,null,null,null,null,null,"т",null,0.02,null,null,77589.460000000006,null,null,1551.7892000000002]
[null,38,null,null,null,null,null,null,null,null,null,null,null,null,null,null,null,null,"шт",null,12,null,null,168.31,null,null,2019.72]
[null,39,null,null,null,null,null,null,null,null,null,null,null,null,null,null,null,null,"1000м",null,-0.17,null,null,32460.06,null,null,-5518.2102000000004]
[null,40,null,null,null,null,null,null,null,null,null,null,null,null,null,null,null,null,"м2",null,3873.73,null,null,1191.78,null,null,4616633.9393999996]
[null,41,null,null,null,null,null,null,null,null,null,null,null,null,null,null,null,null,"т",null,0,null,null,19046.47,null,null,0]
[null,42,null,null,null,null,null,null,null,null,null,null,null,null,null,null,null,null,"м3",null,1.65,null,null,25.62,null,null,42.272999999999996]
[null,43,null,null,null,null,null,null,null,null,null,null,null,null,null,null,null,null,"л",null,4.6900000000000004,null,null,457.34,null,null,2144.9246000000003]
[null,44,null,null,null,null,null,null,null,null,null,null,null,null,null,null,null,null,"пара",null,66,null,null,285.27,null,null,18827.82]
[null,45,null,null,null,null,null,null,null,null,null,null,null,null,null,null,null,null,"шт",null,144,null,null,83.72,null,null,12055.68]
[null,46,null,null,null,null,null,null,null,null,null,null,null,null,null,null,null,null,"шт",null,86,null,null,83.72,null,null,7199.92]
[null,47,null,null,null,null,null,null,null,null,null,null,null,null,null,null,null,null,"шт",null,7976.96,null,null,64.81,null,null,516986.77760000003]
[null,48,null,null,null,null,null,null,null,null,null,null,null,null,null,null,null,null,"т",null,0,null,null,46736,null,null,0]
[null,49,null,null,null,null,null,null,null,null,null,null,null,null,null,null,null,null,"м",null,1426.83,null,null,154.62,null,null,220616.4546]
[null,50,null,null,null,null,null,null,null,null,null,null,null,null,null,null,null,null,"м",null,3450.04,null,null,154.62,null,null,533445.18480000005]
[null,51,null,null,null,null,null,null,null,null,null,null,null,null,null,null,null,null,"м",null,0,null,null,8.16,null,null,0]
[null,52,null,null,null,null,null,null,null,null,null,null,null,null,null,null,null,null,"м2",null,160.54,null,null,50.03,null,null,8031.8162000000002]
[null,53,null,null,null,null,null,null,null,null,null,null,null,null,null,null,null,null,"т",null,0.28000000000000003,null,null,48786.720000000001,null,null,13660.281600000002]
[null,54,null,null,null,null,null,null,null,null,null,null,null,null,null,null,null,null,"т",null,0.84,null,null,78870.95,null,null,66251.597999999998]
[null,55,null,null,null,null,null,null,null,null,null,null,null,null,null,null,null,null,"м2",null,49.07,null,null,461.44,null,null,22642.860799999999]
[null,56,null,null,null,null,null,null,null,null,null,null,null,null,null,null,null,null,"л",null,16.559999999999999,null,null,326.48,null,null,5406.5087999999996]
[null,57,null,null,null,null,null,null,null,null,null,null,null,null,null,null,null,null,"шт",null,28,null,null,168.35,null,null,4713.8]
[null,58,null,null,null,null,null,null,null,null,null,null,null,null,null,null,null,null,"м",null,311.31,null,null,159.66,null,null,49703.7546]
[null,59,null,null,null,null,null,null,null,null,null,null,null,null,null,null,null,null,"л",null,1.02,null,null,200.42,null,null,204.42839999999998]
[null,60,null,null,null,null,null,null,null,null,null,null,null,null,null,null,null,null,"м3",null,25.81,null,null,626.73,null,null,16175.9013]
[null,61,null,null,null,null,null,null,null,null,null,null,null,null,null,null,null,null,"м2",null,8.5,null,null,336.63,null,null,2861.355]
[null,62,null,null,null,null,null,null,null,null,null,null,null,null,null,null,null,null,"м2",null,2542.52,null,null,18.38,null,null,46731.517599999999]
[null,63,null,null,null,null,null,null,null,null,null,null,null,null,null,null,null,null,"шт",null,7976.96,null,null,2.11,null,null,16831.385599999998]
[null,64,null,null,null,null,null,null,null,null,null,null,null,null,null,null,null,null,"м2",null,18.18,null,null,333.12,null,null,6056.1216000000004]
[null,65,null,null,null,null,null,null,null,null,null,null,null,null,null,null,null,null,"м2",null,269.25,null,null,378.17,null,null,{"$f":"U71*X71","v":101822.27250000001}]
[null,66,null,null,null,null,null,null,null,null,null,null,null,null,null,null,null,null,"м3",null,164.6,null,null,3901.34,null,null,642160.56400000001]
[null,67,null,null,null,null,null,null,null,null,null,null,null,null,null,null,null,null,"т",null,0.33,null,null,43856.84,null,null,14472.7572]
[null,68,null,null,null,null,null,null,null,null,null,null,null,null,null,null,null,null,"т",null,1,null,null,2677.29,null,null,2677.29]
[null,69,null,null,null,null,null,null,null,null,null,null,null,null,null,null,null,null,"т",null,0,null,null,340297.98,null,null,0]
[null,70,null,null,null,null,null,null,null,null,null,null,null,null,null,null,null,null,"т",null,0.01,null,null,25492.78,null,null,254.92779999999999]
[null,71,null,null,null,null,null,null,null,null,null,null,null,null,null,null,null,null,"м3",null,0.23,null,null,60.71,null,null,13.9633]
[null,72,null,null,null,null,null,null,null,null,null,null,null,null,null,null,null,null,"м",null,509.16,null,null,23.44,null,null,11934.710400000002]
[null,73,null,null,null,null,null,null,null,null,null,null,null,null,null,null,null,null,"м",null,700.28,null,null,26.47,null,null,18536.411599999999]
[null,74,null,null,null,null,null,null,null,null,null,null,null,null,null,null,null,null,"м",null,7976.96,null,null,141.52000000000001,null,null,1128899.3792000001]
[null,75,null,null,null,null,null,null,null,null,null,null,null,null,null,null,null,null,"шт",null,29,null,null,237.51,null,null,6887.79]
[null,76,null,null,null,null,null,null,null,null,null,null,null,null,null,null,null,null,"м3",null,0.03,null,null,null,null,null,0]
[null,77,null,null,null,null,null,null,null,null,null,null,null,null,null,null,null,null,"м3",null,0.49,null,null,null,null,null,0]
[null,78,null,null,null,null,null,null,null,null,null,null,null,null,null,null,null,null,"м3",null,1.21,null,null,null,null,null,0]
[null,79,null,null,null,null,null,null,null,null,null,null,null,null,null,null,null,null,"кг",null,4034.04,null,null,10.46,null,null,42196.058400000002]
[null,80,null,null,null,null,null,null,null,null,null,null,null,null,null,null,null,null,"м2",null,70.33,null,null,89.95,null,null,6326.1835000000001]
[null,81,null,null,null,null,null,null,null,null,null,null,null,null,null,null,null,null,"м2",null,1625.46,null,null,18.309999999999999,null,null,29762.172599999998]
[null,82,null,null,null,null,null,null,null,null,null,null,null,null,null,null,null,null,"м",null,455.86,null,null,7.45,null,null,3396.1570000000002]
[null,83,null,null,null,null,null,null,null,null,null,null,null,null,null,null,null,null,"шт",null,7008,null,null,0.44,null,null,3083.52]
[null,84,null,null,null,null,null,null,null,null,null,null,null,null,null,null,null,null,"шт",null,2549,null,null,0.3,null,null,764.69999999999993]
[null,85,null,null,null,null,null,null,null,null,null,null,null,null,null,null,null,null,"шт",null,1.21,null,null,724.44,null,null,876.57240000000002]
[null,86,null,null,null,null,null,null,null,null,null,null,null,null,null,null,null,null,"шт",null,0,null,null,143.08000000000001,null,null,0]
[null,87,null,null,null,null,null,null,null,null,null,null,null,null,null,null,null,null,"кг",null,0.99,null,null,103.28,null,null,102.24720000000001]
[null,88,null,null,null,null,null,null,null,null,null,null,null,null,null,null,null,null,"т",null,0.59,null,null,59381.17,null,null,35034.890299999999]
[null,89,null,null,null,null,null,null,null,null,null,null,null,null,null,null,null,null,"м2",null,13.57,null,null,482.26,null,null,6544.2682000000004]
[null,90,null,null,null,null,null,null,null,null,null,null,null,null,null,null,null,null,"кг",null,0.36,null,null,73.73,null,null,26.5428]
[null,91,null,null,null,null,null,null,null,null,null,null,null,null,null,null,null,null,"кг",null,12541.2,null,null,10.17,null,null,127544.004]
[null,92,null,null,null,null,null,null,null,null,null,null,null,null,null,null,null,null,"т",null,14.35,null,null,3200.67,null,null,45929.614500000003]
[null,93,null,null,null,null,null,null,null,null,null,null,null,null,null,null,null,null,"т",null,0,null,null,15368.63,null,null,0]
[null,94,null,null,null,null,null,null,null,null,null,null,null,null,null,null,null,null,"м.п.",null,336.6,null,null,9.75,null,null,3281.8500000000004]
[null,95,null,null,null,null,null,null,null,null,null,null,null,null,null,null,null,null,"шт",null,86,null,null,293.61,null,null,25250.460000000003]
[null,96,null,null,null,null,null,null,null,null,null,null,null,null,null,null,null,null,"м.п.",null,330,null,null,127.53,null,null,42084.9]
[null,97,null,null,null,null,null,null,null,null,null,null,null,null,null,null,null,null,"т",null,0,null,null,57600,null,null,0]
[null,98,null,null,null,null,null,null,null,null,null,null,null,null,null,null,null,null,"кг",null,96.33,null,null,220.7,null,null,21260.030999999999]
[null,99,null,null,null,null,null,null,null,null,null,null,null,null,null,null,null,null,"т",null,0.01,null,null,33480.769999999997,null,null,334.80769999999995]
[null,100,null,null,null,null,null,null,null,null,null,null,null,null,null,null,null,null,"кг",null,24.3,null,null,220.62,null,null,5361.0660000000007]
[null,101,null,null,null,null,null,null,null,null,null,null,null,null,null,null,null,null,"шт",null,330,null,null,8.3800000000000008,null,null,2765.4]
[null,102,null,null,null,null,null,null,null,null,null,null,null,null,null,null,null,null,"т",null,0.03,null,null,30109.5,null,null,903.28499999999997]
[null,103,null,null,null,null,null,null,null,null,null,null,null,null,null,null,null,null,"т",null,0.01,null,null,30109.5,null,null,301.09500000000003]
[null,104,null,null,null,null,null,null,null,null,null,null,null,null,null,null,null,null,"1000шт",null,0.6,null,null,6274.87,null,null,3764.9219999999996]
[null,105,null,null,null,null,null,null,null,null,null,null,null,null,null,null,null,null,"т",null,0.37,null,null,2966.97,null,null,1097.7789]
[null,106,null,null,null,null,null,null,null,null,null,null,null,null,null,null,null,null,"т",null,0.01,null,null,5944.92,null,null,59.449200000000005]
[null,107,null,null,null,null,null,null,null,null,null,null,null,null,null,null,null,null,"кг",null,183.48,null,null,5.8,null,null,1064.184]
[null,108,null,null,null,null,null,null,null,null,null,null,null,null,null,null,null,null,"кг",null,183.48,null,null,7.23,null,null,1326.5604000000001]
[null,109,null,null,null,null,null,null,null,null,null,null,null,null,null,null,null,null,"кг",null,-4804.12,null,null,8.59,null,null,-41267.390800000001]
[null,110,null,null,null,null,null,null,null,null,null,null,null,null,null,null,null,null,"шт",null,1560.26,null,null,0.46,null,null,717.71960000000001]
[null,111,null,null,null,null,null,null,null,null,null,null,null,null,null,null,null,null,"шт",null,386.91,null,null,0.97,null,null,375.30270000000002]
[null,112,null,null,null,null,null,null,null,null,null,null,null,null,null,null,null,null,"м3",null,3.02,null,null,1558.57,null,null,4706.8814000000002]
[null,113,null,null,null,null,null,null,null,null,null,null,null,null,null,null,null,null,"м3",null,37.99,null,null,1354.57,null,null,51460.114300000001]
[null,114,null,null,null,null,null,null,null,null,null,null,null,null,null,null,null,null,"м3",null,3.67,null,null,1390.85,null,null,5104.4195]
[null,115,null,null,null,null,null,null,null,null,null,null,null,null,null,null,null,null,"м2",null,37.4,null,null,388.76,null,null,14539.624]
[null,null,null,null,null,null,null,null,null,null,null,null,null,null,null,null,null,null,null,null,null,"ВСЕГО:",null,null,null,null,{"$f":"ROUND(SUM(AA6:INDEX(AA:AA,ROW()-1)),2)","v":9111582.7799999993}]